| 000 | 00625nam a2200241 a 4500 | ||
|---|---|---|---|
| 001 | nice12345678 | ||
| 003 | IN_TiNIC | ||
| 005 | 20260116011644.0 | ||
| 008 | 050524s1970 yala grp 000 0 eng | ||
| 020 |
_a _c100 |
||
| 082 | 0 | 0 |
_a297.8 _bMCD |
| 100 | _aMcdonough, Sheila | ||
| 245 |
_aAuthority of the Past _b a Study of Three Muslim Modernists |
||
| 260 |
_aYale _bAmerican Academy of Religion _c1970 |
||
| 300 | _a56p | ||
| 500 | _aincludes index and biblioraphy | ||
| 505 | 2 | _aGlossary | |
| 650 | _aIslam-Movements-Parwez | ||
| 700 | 1 | _aMcdonough, Sheila | |
| 902 | _bSRS | ||
| 942 | _cBK | ||
| 999 |
_c3171 _d3171 |
||